| 000 | 00523nam a22001697a 4500 | ||
|---|---|---|---|
| 005 | 20251108164404.0 | ||
| 008 | 250721s1960 xx 000 0 ara d | ||
| 082 | 1 | 4 | _a728.8/عبد |
| 100 | 1 | _aزكي، عبد الرحمن | |
| 245 | 1 | 0 | _aقاعة صلاح الدين و قلاع إسلامية معاصرة / |
| 264 | 1 |
_aالقاهره : _bمكتبة نهضة مصر، _c1960. |
|
| 300 | _a184ص : 14 لوحه | ||
| 490 | 0 | _aالألف كتاب ؛ 288 | |
| 650 | 1 | 7 | _aالقلاع |
| 942 |
_2ddc _cBK |
||
| 999 |
_c10959 _d10959 |
||